Normal view
MARC view
Entry Personal Name
001 - CONTROL NUMBER
- control field: 874980
003 - CONTROL NUMBER IDENTIFIER
- control field: OSt
005 - DATE AND TIME OF LATEST TRANSACTION
- control field: 20260114185832.0
008 - FIXED-LENGTH DATA ELEMENTS
- fixed length control field: 260114|| aca||aabn | a|a d
040 ## - CATALOGING SOURCE
- Original cataloging agency: OSt
- Transcribing agency: OSt
100 ## - HEADING--PERSONAL NAME
- Personal name: Sue Malvern and Gabriel Koureas
670 ## - SOURCE DATA FOUND
- Source citation: Work cat.: (OSt)1473914: Sue Malvern and Gabriel Koureas, Terrorist Transgressions Gender and the Visual Culture of the Terrorist, 2013
